000 00518nam a22001937a 4500
003 MPLRDC
005 20220104150224.0
008 210129b ||||| |||| 00| 0 eng d
020 _a957-803-209-9
082 _a857.621 ZC v.5
100 _a张草
245 _a云空行, 第五册, 无所不能的人
_c
250 _a初版
260 _a
_b平装本出版有限公司
_c1998
300 _b
490 _a平装本丛书; 第40种, 长草X物语. 4
650 _a科幻小说
942 _cBK
_o857.621 ZC v.5
999 _c51757
_d51747